| 000 | 01093nam a22002537a 4500 | ||
|---|---|---|---|
| 005 | 20170124103215.0 | ||
| 010 | _a118095 | ||
| 020 | _c2.00 | ||
| 035 | _a118095 | ||
| 037 | _bCen Lib/Ret | ||
| 040 |
_aDPL _bHN |
||
| 082 |
_aउ _bराधिका |
||
| 100 |
_aराधिकारमण प्रसाद सिंह _946099 |
||
| 245 |
_aगांधी टोपी / _bराधिकारमण प्रसाद सिंह |
||
| 246 |
_aGandhi topi / _bby Radhikaraman Prasad Singh |
||
| 260 |
_aबिहार _bराजराजेश्वरी-साहित्य-मन्दिर _c1951 |
||
| 300 |
_a136पृ. _c18सेमी(सजिल्द) |
||
| 490 | _aश्री राजराजेश्वरी-साहित्य-मन्दिर का तृतीय पुष्प | ||
| 650 |
_aसाहित्य--उपन्यास _998835 |
||
| 650 |
_aहिंदी उपन्यास _998836 |
||
| 650 |
_aLiterature--novel _998837 |
||
| 650 |
_aHindi novel _998838 |
||
| 942 |
_2ddc _cHN _hउ _mराधिका |
||
| 999 |
_c121474 _d121474 |
||